000 01338nam a2200385 i 4500
001 36657
003 KOSZ 005
005 20220117105852.0
008 991129s1999 pl a f |000 0 pol
015 _aPB 1999/19582
020 _a8301129867
040 _aWA N
_cWA N
_dKOSZ 005/HR
041 1 _apol
_heng
046 _k1999
080 _a004.42
080 _a519.2
080 _a(07)
100 1 _aBrandt, Siegmund
_eAutor
245 1 0 _aAnaliza danych :
_bmetody statystyczne i obliczeniowe /
_cSiegmund Brandt ; tł. Lech Szymanowski.
246 1 _iTyt. oryg. :
_aData analysis :
_bstatistical and computational methods for scientists and engineers,
_f1999.
250 _aWyd. 2 zm.
260 _aWarszawa :
_bWydaw. Naukowe PWN,
_c1999.
300 _a730, [2] s. :
_brys., wykr. ;
_c25 cm +
_eCD ROM.
504 _aBibliogr. s. 718-722.
650 4 _aProgramy komputerowe
650 4 _aStatystyka matematyczna
650 4 _aAnaliza danych
655 4 _aPodręcznik
658 _aInformatyka i technologie informacyjne
658 _aMatematyka
700 1 _aSzymanowski, Lech
_eTłumaczenie
710 2 _aWydawnictwo Naukowe PWN
_4pbl.
856 _uhttp://koha.tu.koszalin.pl/cgi-bin/koha/opac-detail.pl?biblionumber=36657
_yKatalog online BPK
942 _2UKD
_cKS
999 _c36657
_d36657